Normal view MARC view
  • Galindo y Villa, Jesús,

Entry Nombre Personal

Number of records used in: 9

001 - NUMERO DE CONTROL

  • campo de control: 28502

003 - IDENTIFICADOR DE NUMERO DE CONTROL

  • campo de control: MX-MxUPN

005 - FECHA Y HORA DE LA ÜLTIMA TRANSACCIÓN

  • campo de control: 20220330083724.0

008 - DATOS DE LONGITUD FIJA

  • campo de control de longitud fija: nabaccnnaabn|||||||||| b |nc|||||d

035 ## - NUMERO DE CONTROL

  • Número de control: UPN11000000608

040 ## - FUENTE DE CATALOGACIÓN

  • Agencia original de catalogación: MX-MxUPN
  • Lenguaje de catalogación: spa
  • Agencia de transcripción: MX-MxUPN

100 1# - ENCABEZAMIENTO - NOMBRE PERSONAL

  • Nombre personal: Galindo y Villa, Jesús,
  • Fechas asociadas con el nombre: 1867-1937

670 ## - FUENTE EN LA QUE SE LOCALIZARON DATOS

  • Cita de la fuente: Geografía sumaria de la República mexicana : para la enseñanza de la geografía patria, 1948:
  • Información localizada: portada (Jesús Galindo y Villa; profesor de Geografía y de Historia; vicepresidente de la Sociedad Mexicana de Geografía y Estadística; ex-presidente de la Sociedad Científica "Antonio Alzate"; premiado con "Diploma de Honor" en la Exposición Iberoamericana de Sevilla por su obra extensa "Geografía de la República mexicana)

678 ## - DATOS BIOGRÁFICOS O HISTÓRICOS

  • Biographical or historical data: Historiador mexicano

902 ## - CATALOGADOR

  • Catalogador: DAA/061107